000 00822cab a2200241 4500
001 ABS50967
008 090401t1994 xxu||||| |||| 00| 0 eng d
035 _a(Sirsi) u3349
041 _aeng
100 _aEve, G.
245 _aKeeping pace with the rate of change
260 _c1994
350 _a0
490 _aProperty Week
_v47(13) 30 June 1994, 27(1)
520 _aAn occupiers` guide to reducing and challenging rate bills. Looks at factors such as rateable and rental values, multipliers, and transitional relief or phasing. Forecasts trends for 1995 and looks at implications for valuation officers.
650 _aBUSINESS RATES
650 _aREDUCTION
650 _aRATING REVALUATION 1995
650 _aUNIFORM BUSINESS RATE
690 _aRATING AND VALUATION
942 _n0
948 _c04/03/1997
999 _c2053
_d2053